| 000 | 02245cab a2200325Ia 45 0 | ||
|---|---|---|---|
| 001 | u205619 | ||
| 003 | SIRSI | ||
| 008 | 110628s2012 ua ss b eng d | ||
| 040 | _aEAL | ||
| 041 |
_aeng _bara |
||
| 090 | _aART MJAE V29 No2 14 | ||
| 100 | 1 | _aAti, A. S. | |
| 240 | 1 | 0 |
_aMisr Journal of Agricultural Engineering, 2012 v.29 (2) _h[electronic resource]. |
| 245 | 1 | 0 |
_aEffect of potassium fertilization on growth, yield and water use efficiency of irrigated potato _h[electronic resource]. |
| 246 | 1 | 5 | _aتأثير التسميد بالبوتاسيوم فى نمو وحاصل البطاطا وكفاءة استعمال المياه تحت معاملات الرى. |
| 300 | _ap.735-744. | ||
| 504 | _aIncludes references. | ||
| 520 | _aStudies on the effect of K fertilizers application in increasing water use efficiency (WUE) and decreasing ihe negative effect of water stress,are quite limited. especially under field conditions. A field experiment was conducted in silty clay loam in the Agricultural Research Station ofAbuGraib- Baghdad. Iraq to study the effect ofdifferent levels of K fertilizers application on potato (Solanum tuberosum L.) and their role in decreasing negative effect of water stress. Treatments include four levels of K fertilizer (0, 200, 400 and 600 kg K₂SO₄ ha⁻¹ ) and two levels of irrigation (after depletion of50 and 75 % of available water). Results revealed the following:- 1. The negative effects of water stress on potato growth and yield decreased by increased application of K fertilizers. 2. Negative effects of water stress on plant quality and WUE were decreased by increasing level of K fertilizer in depletion 75% of available water. and saving in irrigation water with irrigation scheduling by 9%. | ||
| 546 | _aSummary in Arabic. | ||
| 650 | 0 |
_aPotatoes _xFertilization. |
|
| 650 | 0 |
_aPotatoes _xGrowth. |
|
| 650 | 0 |
_aPotatoes _xIrrigation |
|
| 650 | 0 |
_aPotatoes _xYields. |
|
| 650 | 0 | _aPotassium fertilizers. | |
| 650 | 0 | _awater use efficiency. | |
| 700 | 1 | _aNafaou, S. M. | |
| 773 | 0 |
_tMisr Journal of Agricultural Engineering. _g2012.v.29(2) _x1687-384X _7nnas _wu192786 |
|
| 856 | 4 | 0 |
_uhttp://nile.enal.sci.eg/EALE/2012/MJAE/2912/2/735.pdf _zFull Text Article |
| 596 | _a1 | ||
| 942 |
_cAR _2lcc |
||
| 999 |
_c56358 _d56358 |
||